Normal view MARC view
  • Urrabieta, Mariano,

Entry Nombre Personal

Number of records used in: 1

001 - NUMERO DE CONTROL

  • campo de control: 53738

003 - IDENTIFICADOR DE NUMERO DE CONTROL

  • campo de control: DLC

005 - FECHA Y HORA DE LA ÜLTIMA TRANSACCIÓN

  • campo de control: 20240925152507.0

008 - DATOS DE LONGITUD FIJA

  • campo de control de longitud fija: 240925|| aca||aabn | aaa d

010 ## - NÚMERO DE CONTROL DE LA BIBLIOTECA DEL CONGRESO

  • Número de control LC: n 2001061318

040 ## - FUENTE DE CATALOGACIÓN

  • Agencia original de catalogación: DLC
  • Lenguaje de catalogación: spa
  • Agencia de transcripción: DLC
  • Agencia que lo modifica: DLC
  • Agencia que lo modifica: MX-MxUPN

046 ## - FECHAS CON CODIFICACIÓN ESPECIAL

  • Fecha de muerte: 1895

100 1# - ENCABEZAMIENTO - NOMBRE PERSONAL

  • Nombre personal: Urrabieta, Mariano,
  • Fechas asociadas con el nombre: -1895

670 ## - FUENTE EN LA QUE SE LOCALIZARON DATOS

  • Cita de la fuente: Autoridades LC, 25 septiembre 2024 :
  • Información localizada: (Urrabieta, Mariano, -1895)
  • Uniform Resource Identifier: https://lccn.loc.gov/n2001061318

902 ## - CATALOGADOR

  • Catalogador: MaríaRobles/250924